000 00596nam a2200217 i 4500
001 C2-0301752
003 PPAK
005 20180728083001.0
008 091223s1966 si |||| ||||| | may d
040 _aPPAK
_beng
_cPPAK
_erda
082 0 4 _a499.23
_223
090 0 0 _a499.23
_bKAJ
_dKIH
100 0 _aHarun aminurrashid,
_eauthor
245 1 0 _aKajian sejarah perkembangan bahasa melayu
264 1 _aSingapura :
_bPustaka Melayu ,
_c1966
300 _a220 pages ;
_c17 cm
336 _2rdacontent
_atext
337 _2rdamedia
_aunmediated
338 _2rdacarrier
_avolume
942 _ddc
_cB
999 _c105520
_d105520